Jak kierowac mala firma?
Organizačné črty malých firiem ako je ich špecializácia, koordinácia, konfigurácia čiže vedúce kádre, delegovanie kompetencie a formalizácia štruktúry. Ako firmu riadi manažér a ako majiteľ? Ako riadiť vlastnú firmu?
Gespeichert in:
| 1. Verfasser: | |
|---|---|
| Format: | Buchkapitel |
| Sprache: | Polnisch |
| Schlagworte: | |
| Tags: |
Keine Tags, Fügen Sie das erste Tag hinzu!
|
MARC
| LEADER | 00000naa a2200000 4500 | ||
|---|---|---|---|
| 001 | r008095 | ||
| 005 | 20221125122442.9 | ||
| 041 | 0 | |a pol | |
| 044 | |a PL | ||
| 245 | 1 | 0 | |a Jak kierowac mala firma? |c I. Hejduk |
| 520 | |a Organizačné črty malých firiem ako je ich špecializácia, koordinácia, konfigurácia čiže vedúce kádre, delegovanie kompetencie a formalizácia štruktúry. Ako firmu riadi manažér a ako majiteľ? Ako riadiť vlastnú firmu? | ||
| 610 | 2 | 0 | |a firmy |
| 610 | 2 | 0 | |a štruktúra podniku organizačná |
| 610 | 2 | 0 | |a riadenie podnikové |
| 610 | 2 | 0 | |a špecializácia výroby |
| 610 | 2 | 0 | |a koordinácia |
| 610 | 2 | 0 | |a podnik malý |
| 100 | 1 | |a Hejduk, I. | |